Defence financial management : (Record no. 509508)

000 -LEADER
fixed length control field 00553nam a22001457a 4500
082 ## - DEWEY DECIMAL CLASSIFICATION NUMBER
Classification number APPPA 2018-19\HAR
100 ## - MAIN ENTRY--PERSONAL NAME
Personal name Singh, Harmandeep
9 (RLIN) 5429
245 ## - TITLE STATEMENT
Title Defence financial management :
Remainder of title A critical analysis
Statement of responsibility, etc by Harmandeep Singh
260 ## - PUBLICATION, DISTRIBUTION, ETC. (IMPRINT)
Place of publication, distribution, etc New Delhi
Name of publisher, distributor, etc Indian Institute of Public Administration
Date of publication, distribution, etc 2019
300 ## - PHYSICAL DESCRIPTION
Extent 141p.
500 ## - GENERAL NOTE
General note APPPA Dissertation 2018-19 .(Guide : Dr Anupam Sarkar)
650 ## - SUBJECT ADDED ENTRY--TOPICAL TERM
Topical term or geographic name as entry element India -- Ministry of Defence -- Finance.
9 (RLIN) 6384
650 ## - SUBJECT ADDED ENTRY--TOPICAL TERM
Topical term or geographic name as entry element India -- Ministry of Defence.
9 (RLIN) 6385
650 ## - SUBJECT ADDED ENTRY--TOPICAL TERM
Topical term or geographic name as entry element India -- Military policy.
9 (RLIN) 6386
Holdings
Withdrawn status Lost status Source of classification or shelving scheme Damaged status Koha normalized classification for sorting Not for loan Permanent location Current location Date acquired Total Checkouts Full call number Barcode Date last seen Date last borrowed Price effective from Koha item type
        APPPA_201819HAR   Indian Institute of Public Administration Indian Institute of Public Administration 2019-05-13 1 APPPA 2018-19\HAR GR21094 2019-09-09 2019-08-05 2019-05-13 GR

Powered by Koha